00710cam a22002413a 45000010005000000030006000050050017000110080041000280400015000690420007000840500006000911000037000972450121001342600029002555060030002845160020003146530014003346530017003486530012003656530022003778300028003998560041004272627PGUSA20140828083017.0010501s2001||||xxu|||||s|||||000 | eng d aPGUSAbeng adc 4aQ1 aHuxley, Thomas Henry,d1825-189510aOn the Method of Zadig :bEssay #1 from "Science and Hebrew Tradition"h[electronic resource] /cThomas Henry Huxley bProject Gutenberg,c2001 aPublic domain in the USA. aElectronic text aEvolution aPaleontology aScience aBible and science 0aProject Gutenbergv262740uhttp://www.gutenberg.org/ebooks/2627